000 00738cam a22002171a 4500
003 BD-RjUL
005 20250517164234.0
008 250517s1959 nyu 000 0 eng d
040 _aANL
_beng
_cANL
041 _aeng
082 0 4 _a809
_219
_bWIA 1959
100 1 _aWilson, Edmund,
_d1895-1972.
_915467
245 1 0 _aAxel's castle :
_ba study in the imaginative literature of 1870-1930 /
_cby Edmund Wilson.
260 _aNew York,
_c1959
_bCharless Scribner's
300 _a319 p. ;
_c18 cm
650 0 _aLiterature, Modern
_y20th century
_xHistory and criticism.
_915468
650 0 _aLiterature, Modern
_y19th century
_xHistory and criticism.
_915469
650 0 _aSymbolism in literature.
_915470
942 _2ddc
_cBK
999 _c84930
_d84930